Statistics for US States by HDI

Click here to take the quiz!

General Stats

  • This quiz has been taken 124 times
  • The average score is 47 of 51

Answer Stats

HintAnswer% Correct
0.953CConnecticut
100%
0.956MMassachusetts
100%
0.943NNew Hampshire
100%
0.942WWashington D.C.
100%
0.942CColorado
99%
0.940HHawaii
99%
0.947MMinnesota
99%
0.943NNew Jersey
99%
0.942NNew York
98%
0.942NNorth Dakota
98%
0.937AAlaska
96%
0.930DDelaware
96%
0.930UUtah
96%
0.929IIllinois
95%
0.922PPennsylvania
95%
0.936VVermont
95%
0.929VVirginia
95%
0.930CCalifornia
94%
0.922KKansas
94%
0.929OOregon
94%
0.929SSouth Dakota
94%
0.928WWisconsin
94%
0.932WWyoming
94%
0.909FFlorida
93%
0.934NNebraska
93%
0.920RRhode Island
93%
0.940WWashington
93%
0.906IIndiana
91%
0.928IIowa
91%
0.913OOhio
91%
0.892TTennessee
91%
0.908AArizona
90%
0.902GGeorgia
90%
0.935MMaryland
90%
0.912MMichigan
90%
0.905MMissouri
90%
0.917MMontana
90%
0.909TTexas
90%
0.887AAlabama
89%
0.907IIdaho
89%
0.881KKentucky
89%
0.885LLouisiana
89%
0.900NNew Mexico
89%
0.894OOklahoma
89%
0.877AArkansas
88%
0.914MMaine
88%
0.902NNevada
88%
0.890SSouth Carolina
88%
0.872WWest Virginia
88%
0.863MMississippi
87%
0.905NNorth Carolina
87%

Score Distribution

Percentile by Number Answered

Percent of People with Each Score

Your Score History

You have not taken this quiz